| 000 | 04045cam a22012134i 4500 | ||
|---|---|---|---|
| 003 | PE-LiUPU | ||
| 005 | 20250813185520.0 | ||
| 008 | 150625s2006 pe r 000 0 spa d | ||
| 020 | _a997260702X | ||
| 020 | _a9789972607028 | ||
| 035 | _a(Sirsi) i9789972607028 | ||
| 040 |
_aPE-LiUPU _bspa _cPE-LiUPU _erda |
||
| 049 | _aPRUA | ||
| 082 | 0 | 4 |
_a343.285 _bG23 _221 |
| 100 | 1 |
_aGarcía Belaunde, Domingo, _eautor. |
|
| 245 | 1 | 4 |
_aLas constituciones del Perú. _n2 / _cDomingo García Belaunde. |
| 264 | 1 |
_aLima : _bUniversidad de San Martín de Porras, Fondo Editorial, _c2006. |
|
| 300 |
_a378 páginas ; _c25 centímetros |
||
| 336 |
_atext _2rdacontent |
||
| 337 |
_aunmediated _2rdamedia |
||
| 338 |
_avolume _2rdacarrier |
||
| 505 | 0 | _aConstitución de 1860 -- Constitución de 1867 -- Estatuto provisorio de 1879 -- Estatuto provisorio de Cajamerca (1833) -- Resolución legislativa Nº 1958 de 15 de mayo de 1914 -- Ley Nº 3083 de 25 de setiembre de 1919 -- Decreto supremo de 2 de octubre de 1919 -- Constitución de 1920. -Decreto-ley Nº 6874 de 2 de setiembre de 1930 -- Decreto-ley Nº 6874 de 2 de setiembre de 1930 -- Decreto-ley Nº 7045 de 11 de marzo de 1931 -- Constitución de 1933 -- Ley Nº 8463 de 14 de noviembre de 1936 -- Ley Nº 8929 de 24 de julio de 1939 -- Ley Nº 10334 de 29 de diciembre de 1945 -- Decreto-ley Nº 10889 de 2 de noviembre de 1948 -- Decreto-ley Nº 14167 de 20 de julio de 1962 -- Decreto-ley Nº 1 de 3 de octubre de 1968 -- Constitución de 1979 -- Decreto-ley Nº 25418 de 6 de abril de 1992 -- Ley constitucional de 6 de enero de 1993 -- Ley constitucional de 12 de marzo de 1993 -- Ley constitucional de 19 de marzo de 1993 -- Ley constitucional de 31 de agosto de 1993 -- Ley constitucional de 17 de dicembre de 1993 -- Ley constitucional de 21 de diciembre de 1993 -- Constitución de 1993 -- Ley Nº 27600 de 15 de diciembre de 2001. | |
| 526 | _aP202 | ||
| 526 | _aP201 | ||
| 526 | _aP163 | ||
| 526 | _aP162 | ||
| 526 | _aP161 | ||
| 526 | _aP160 | ||
| 526 | _aP148 | ||
| 526 | _aP147 | ||
| 526 | _aP146 | ||
| 526 | _aP145 | ||
| 526 | _aP144 | ||
| 526 | _aP143 | ||
| 526 | _aP142 | ||
| 526 | _aP141 | ||
| 526 | _aP140 | ||
| 526 | _aP139 | ||
| 526 | _aP138 | ||
| 526 | _aP137 | ||
| 526 | _aP136 | ||
| 526 | _aP135 | ||
| 526 | _aP134 | ||
| 526 | _aP133 | ||
| 526 | _aP129 | ||
| 526 | _aP128 | ||
| 526 | _aP127 | ||
| 526 | _aP120 | ||
| 526 | _aP119 | ||
| 526 | _aP118 | ||
| 526 | _aP116 | ||
| 526 | _aP115 | ||
| 526 | _aP114 | ||
| 526 | _aP110 | ||
| 526 | _aP109 | ||
| 526 | _aP108 | ||
| 526 | _aP104 | ||
| 526 | _aP103 | ||
| 526 | _aP102 | ||
| 526 | _aP99 | ||
| 526 | _aP98 | ||
| 526 | _aP97 | ||
| 526 | _aP96 | ||
| 526 | _aP95 | ||
| 526 | _aP93 | ||
| 526 | _aP90 | ||
| 526 | _aP89 | ||
| 526 | _aP88 | ||
| 526 | _aP83 | ||
| 526 | _aP82 | ||
| 526 | _aP62 | ||
| 526 | _aP59 | ||
| 526 | _aP58 | ||
| 526 | _aP57 | ||
| 526 | _aP51 | ||
| 526 | _aP49 | ||
| 526 | _aP48 | ||
| 526 | _aP47 | ||
| 526 | _aP29 | ||
| 526 | _aP24 | ||
| 526 | _aP20 | ||
| 526 | _aP19 | ||
| 526 | _aP17 | ||
| 526 | _aP15 | ||
| 526 | _aP14 | ||
| 526 | _aP12 | ||
| 526 | _aP10 | ||
| 526 | _aP09 | ||
| 526 | _aP08 | ||
| 526 | _aP07 | ||
| 526 | _aP06 | ||
| 526 | _aP05 | ||
| 526 | _aP04 | ||
| 526 | _aP01 | ||
| 650 | 0 | 4 |
_aDerecho constitucional _zPerú _xHistoria. |
| 650 | 0 | 4 |
_aConstituciones _zPerú _xHistoria. |
| 910 |
_adbm _bksl _cksl _d20190704 |
||
| 942 |
_2ddc _cBOOK |
||
| 949 |
_a343.285 G23 2 _wDEWEY _c1 _i56682 _lCCODEBUL1 _mBUL _p18.00 _r0 _sY _tBOOK _u2015-6-25 _xBIBLIOTECA _zUNKNOWN _0COMPRA _o.STAFF. Colección Ciencias Humanas y Educación |
||
| 994 |
_aC0 _bPEPRU |
||
| 596 | _a1 | ||
| 999 |
_a343.285 G23 1 _wDEWEY _c45834 _i56681 _d45834 _e2016-9-19 _f2021-11-8 _g6 _lCCODEBUL1 _mBUL _n1 _p18.00 _r0 _sY _tBOOK _u2015-6-25 _xEDUCACION _zUNKNOWN _0COMPRA _o.STAFF. Colección Ciencias Humanas y Educación |
||
| 980 |
_81 _gALBERTO SANCHEZ Responsable de Automatización |
||